Bet Ḳotsḳ : (Record no. 32812)
[ view plain ]
| 000 -LEADER | |
|---|---|
| fixed length control field | 00644cam a22002171 4500 |
| 001 - CONTROL NUMBER | |
| control field | he 67002513 |
| 003 - CONTROL NUMBER IDENTIFIER | |
| control field | DLC |
| 005 - DATE AND TIME OF LATEST TRANSACTION | |
| control field | 20260227111452.0 |
| 008 - FIXED-LENGTH DATA ELEMENTS--GENERAL INFORMATION | |
| fixed length control field | 840514s1959 is 000 0 heb |
| 010 ## - LIBRARY OF CONGRESS CONTROL NUMBER | |
| LC control number | he 67002513 |
| 035 ## - SYSTEM CONTROL NUMBER | |
| System control number | (OCoLC)19149732 |
| 040 ## - CATALOGING SOURCE | |
| Original cataloging agency | DLC |
| Transcribing agency | MH |
| Modifying agency | DLC |
| 042 ## - AUTHENTICATION CODE | |
| Authentication code | premarc |
| 050 00 - LIBRARY OF CONGRESS CALL NUMBER | |
| Classification number | BM755.M47 |
| Item number | L48 |
| 100 1# - MAIN ENTRY--PERSONAL NAME | |
| Personal name | Leṿin, Yehudah Leyb, |
| Dates associated with a name | -1978. |
| 245 10 - TITLE STATEMENT | |
| Title | Bet Ḳotsḳ : |
| Remainder of title | ha-Saraf : toldot ḥayaṿ shel ha-admor ha-gadol mi-Ḳotsḳ. |
| 260 ## - PUBLICATION, DISTRIBUTION, ETC. | |
| Place of publication, distribution, etc. | Jerusalem : |
| Name of publisher, distributor, etc. | Naḥliʼel, |
| Date of publication, distribution, etc. | 719 [1959] |
| 300 ## - PHYSICAL DESCRIPTION | |
| Extent | 211 p. ; |
| Dimensions | 19 cm. |
| 600 00 - SUBJECT ADDED ENTRY--PERSONAL NAME | |
| Personal name | Menahem Mendel, |
| Titles and other words associated with a name | of Kotsk, |
| Dates associated with a name | 1787-1859. |
| 752 ## - ADDED ENTRY--HIERARCHICAL PLACE NAME | |
| Country or larger entity | Israel |
| City | Jerusalem |
No items available.